000
00219 a2200097 4500
001
59860
100
_a
245
_a
Quantum Computing (With CD)
260
_a
New Delhi
_b
Tata Mc Graw Hill
_c
2007
090
_c
36695
_d
36695
942
_a
NUST-CAE
_c
_c
29663
999
_c
294933
_d
294933